00497nam a22001457a 4500003000400000005001700004008004100021040001400062100002800076245010100104260000900205300002800214500007600242504003300318OSt20171010095501.0120726t xxu||||| |||| 00| 0 eng d aMMSUcULS aVillacillo, Reynold P.  aiNAP: an agriculture portal for the Province of Ilocos Norte, PhilippinescReynold P. Villacillo c2008 axv, 282 leaves c28 cm. aThesis (MS in Information Technology) -- De la Salle University-Manila  aBibliography: leaves 157-162